[Event "FRA-ch Youth 2017"]
[Site "Belfort"]
[Date "2017.04.17"]
[Round "3"]
[White "Bouvet, Florian"]
[Black "Baudry, Remi"]
[Result "1/2-1/2"]
[WhiteElo "2183"]
[BlackElo "1940"]
[Annotator "NA"]
[PlyCount "84"]
[EventDate "2017.??.??"]
[EventCountry "FRA"]
[SourceTitle "playchess.com"]
[Source "ChessBase"]
[SourceQuality "1"]
[TimeControl "5400+30"]

1. Nf3 {[%emt 0:00:00]} d5 {[%emt 0:00:27]} 2. d4 {[%emt 0:01:00]} Nf6 {[%emt 0:01:25]} 3. g3 {[%emt 0:00:40]} c5 {[%emt 0:01:40]} 4. Bg2 {[%emt 0:00:21]} Nc6 {[%emt 0:02:57]} 5. O-O {[%emt 0:00:20]} Bg4 {[%emt 0:01:38]} 6. Ne5 {[%emt 0:06:42]} Bf5 {[%emt 0:04:28] D02: 1 d4 d5 2 Nf3 sidelines, including 2...Nf6 3 g3 and 2...Nf6 3 Bf4} (6... cxd4 7. Nxg4 Nxg4 8. e3 Nf6 9. exd4 e6 10. c3 Be7 11. Qb3 a6 12. Bf4 b5 13. Nd2 O-O 14. Rfc1 Bd6 15. Bxd6 Qxd6 16. Qd1 Rfb8 17. Nb3 a5 18. a4 bxa4 19. Rxa4 {0-1 (44) Neef,M (2443)-Novikov,S (2513) Marianske Lazne 2017}) 7. Nxc6 {[%emt 0:05:34]} bxc6 {[%emt 0:00:05]} 8. c4 {[%emt 0:01:15]} e6 {[%emt 0:05:06]} 9. Nc3 {[%emt 0:06:04]} Rb8 {[%emt 0:09:06]} 10. e3 $146 {[%emt 0:15:56]} (10. cxd5 cxd5 11. Qa4+ Qd7 12. Qxd7+ Nxd7 13. dxc5 Nxc5 14. b3 {0-1 (62) Sjol,H (1880)-Andersen,R (2078) Helsingor 2011}) 10... Qd7 {[%emt 0:05:35]} 11. Qe2 {[%emt 0:05:08]} Be7 {[%emt 0:05:54]} 12. Rd1 {[%emt 0:03:52]} O-O {[%emt 0:06:56]} 13. b3 {[%emt 0:03:43]} Rfc8 {[%emt 0:06:33]} 14. dxc5 {[%emt 0:07:16]} Bxc5 {[%emt 0:00:47]} 15. Na4 {[%emt 0:07:30]} Bd6 {[%emt 0:02:37]} 16. Bb2 {[%emt 0:01:10]} Ne4 {[%emt 0:02:03]} 17. Rac1 {[%emt 0:05:39]} Qe7 {[%emt 0:02:04]} 18. cxd5 {[%emt 0:04:25]} cxd5 {[%emt 0:00:45]} 19. Qa6 {[%emt 0:00:54]} Nc5 {[%emt 0:15:11]} 20. Nxc5 {[%emt 0:00:33]} Rxc5 {[%emt 0:00:42]} 21. Bd4 {[%emt 0:02:28]} Rc7 {[%emt 0:03:10]} 22. Bb2 {[%emt 0:08:28]} Rb6 {[%emt 0:01:02]} 23. Qa4 {[%emt 0:01:23]} Rxc1 {[%emt 0:02:13]} 24. Rxc1 {[%emt 0:00:22]} h6 {[%emt 0:02:41]} 25. Rc8+ {[%emt 0:01:49]} Kh7 {[%emt 0:00:01]} 26. Ra8 {[%emt 0:05:21]} Rb7 {[%emt 0:01:26]} 27. e4 {[%emt 0:02:42]} dxe4 {[%emt 0:09:03]} 28. Bxe4 {[%emt 0:00:06]} Rc7 {[%emt 0:00:10]} 29. Qd4 {[%emt 0:01:22]} f6 {[%emt 0:03:09]} 30. Qd3 {[%emt 0:00:04]} Bxe4 {[%emt 0:01:23]} 31. Qxe4+ {[%emt 0:00:04]} g6 {[%emt 0:00:06]} 32. Kg2 {[%emt 0:01:22]} Bc5 {[%emt 0:01:41]} 33. Qf4 {[%emt 0:01:22]} Kg7 {[%emt 0:00:22]} 34. Bc1 {[%emt 0:00:32]} g5 {[%emt 0:00:08]} 35. Qf3 {[%emt 0:00:17]} Bd4 {[%emt 0:01:14]} 36. Qd1 $2 {[%emt 0:01:27] [#]} (36. Be3 $11 Rc3 37. Rb8 Bxe3 38. Rb7) 36... Qc5 $17 {[%emt 0:00:42]} (36... Rxc1 $1 $19 {[%mdl 512]} 37. Qxc1 Qb7+ 38. f3 Qxa8 39. Qc7+ Kg8) 37. Rd8 {[%emt 0:00:26]} e5 {[%emt 0:02:29]} 38. Be3 {[%emt 0:00:34]} Bxe3 {[%emt 0:01:04]} 39. Rd7+ {[%emt 0:00:05]} Rxd7 {[%emt 0:01:04]} 40. Qxd7+ {[%emt 0:00:05]} Kg6 {[%emt 0:00:10]} 41. Qd3+ {[%emt 0:00:10]} f5 {[%emt 0:00:27]} 42. Qxe3 {[%emt 0:01:40]} Qc6+ {[%emt 0:00:05]} 1/2-1/2

[Event "FRA-ch Youth 2017"]
[Site "Belfort"]
[Date "2017.04.17"]
[Round "3"]
[White "Tomasi, Albert"]
[Black "Raclot, Leo"]
[Result "1-0"]
[WhiteElo "2176"]
[BlackElo "1887"]
[Annotator "NA"]
[PlyCount "57"]
[EventDate "2017.??.??"]
[EventCountry "FRA"]
[SourceTitle "playchess.com"]
[Source "ChessBase"]
[SourceQuality "1"]
[TimeControl "5400+30"]

1. e4 {[%emt 0:00:00]} d5 {[%emt 0:00:08]} 2. exd5 {[%emt 0:00:00]} Nf6 {[%emt 0:00:06]} 3. d4 {[%emt 0:00:10]} Nxd5 {[%emt 0:00:17]} 4. Nf3 {[%emt 0:02:52]} g6 {[%emt 0:00:32]} 5. c4 {[%emt 0:03:09]} Nb6 {[%emt 0:00:09]} 6. Be2 {[%emt 0:02:17]} Bg7 {[%emt 0:00:20]} 7. O-O {[%emt 0:02:44]} O-O {[%emt 0:00:20]} 8. Be3 {[%emt 0:03:53]} Nc6 {[%emt 0:01:09]} 9. h3 {[%emt 0:05:42]} e5 {[%emt 0:02:51]} 10. d5 {[%emt 0:02:09]} Ne7 11. Nc3 {[%emt 0:01:59] LiveBook: 53 Games} Nf5 {[%emt 0:10:04]} 12. Bc5 {[%emt 0:01:16] B01: Scandinavian Defence} (12. Bg5 f6 13. Bc1 c5 14. dxc6 bxc6 15. b3 Qe7 16. Ne4 Rd8 17. Qc2 Be6 18. a4 c5 19. Ba3 Rac8 20. Rad1 Nd7 21. Rfe1 {1-0 (39) Nepomniachtchi,I (2729)-Smagin,S (2551) Olginka 2011}) 12... Nd6 $146 {[%emt 0:03:17]} (12... Re8 13. Rc1 e4 14. Nd2 Qh4 15. Bg4 h5 16. Bxf5 Bxf5 17. Be3 Nd7 18. Nb5 Bxh3 19. gxh3 Qxh3 20. Bf4 Bxb2 {1-0 (30) Mas,H (2372)-Nadanian,A (2436) Singapore 2007}) 13. Ba3 {[%emt 0:08:35]} Nbxc4 {[%emt 0:11:23]} 14. Bxc4 {[%emt 0:00:09]} Nxc4 {[%emt 0:00:10]} 15. Bxf8 {[%emt 0:00:07]} Qxf8 {[%emt 0:01:31]} 16. Qe2 {[%emt 0:03:40]} e4 {[%emt 0:08:20]} 17. Nxe4 {[%emt 0:03:42]} Nxb2 {[%emt 0:02:57]} 18. Rac1 {[%emt 0:03:50]} Bf5 {[%emt 0:08:34]} 19. Rfe1 {[%emt 0:04:36]} Qd8 {[%emt 0:06:16]} 20. g4 {[%emt 0:10:55]} Bxe4 {[%emt 0:08:23]} 21. Qxe4 {[%emt 0:00:08]} Qd6 {[%emt 0:00:17]} 22. Nd4 {[%emt 0:13:39]} Qb6 {[%emt 0:05:44]} 23. Nb3 {[%emt 0:02:52]} Rd8 {[%emt 0:05:44]} 24. Rc2 {[%emt 0:05:13]} a5 $18 {[%emt 0:05:35]} 25. Qe7 {[%emt 0:02:44]} c6 {[%emt 0:03:11]} 26. dxc6 {[%emt 0:00:36]} Rc8 {[%emt 0:03:14]} 27. Qe8+ {[%emt 0:02:04]} Rxe8 28. Rxe8+ {[%emt 0:00:07]} Bf8 {[%emt 0:00:58]} 29. c7 {[%emt 0:00:05]} 1-0

[Event "FRA-ch Youth 2017"]
[Site "Belfort"]
[Date "2017.04.17"]
[Round "3"]
[White "Lafortune, Emerick"]
[Black "Philippe, Guillaume"]
[Result "0-1"]
[WhiteElo "2111"]
[BlackElo "2307"]
[Annotator "TA"]
[PlyCount "52"]
[EventDate "2017.??.??"]
[EventCountry "FRA"]
[SourceTitle "playchess.com"]
[Source "ChessBase"]
[SourceQuality "1"]

{[%evp 11,52,28,36,-11,-19,-22,0,-29,-22,-58,-49,-51,-52,-77,-52,-73,-43,-162,-157,-163,-162,-164,-201,-258,-280,-272,-246,-339,-330,-518,-517,-522,-517,-511,-488,-520,-514,-514,-506,-509,-504,-640,-632]} 1. Nf3 Nf6 2. c4 e6 3. g3 a6 4. Bg2 b5 5. b3 Bb7 6. O-O c5 7. d4 {A13: English Opening: 1...e6} (7. Nc3 Qb6 8. e3 Be7 9. Qe2 Ne4 10. Bb2 O-O 11. d4 Nxc3 12. Bxc3 cxd4 13. exd4 Bf6 14. Rac1 d6 15. c5 Qd8 16. Rfd1 Bd5 {½-½ (75) Bocharov,D (2611)-Svidler,P (2745) Novosibirsk 2016}) 7... cxd4 8. Qxd4 $146 (8. cxb5 axb5 9. Nxd4 Bxg2 10. Kxg2 b4 11. a4 Bc5 12. Nb5 d5 13. Bf4 Na6 14. Nd2 O-O {0-1 (40) Kristiansen,W (2011)-Byklum,B (2296) Fagernes 2013}) 8... Nc6 9. Qb2 {The position is equal.} Be7 10. Nc3 bxc4 $1 11. bxc4 Na5 $1 12. Na4 Bc6 13. Qc2 $1 (13. Nb6 $2 Rb8 14. Rb1 {[#]} Nxc4 $1 {[%mdl 512]} 15. Nxc4 Rxb2 16. Bxb2 O-O $19) 13... Rc8 {[%cal Ba8c8,Bc8b8,Bb8b4][%mdl 32]} 14. Bd2 (14. c5 $15) 14... Be4 $36 {[%mdl 2048] Black is on the roll.} 15. Bxa5 Qxa5 ({But not} 15... Bxc2 16. Bxd8 Bxd8 17. Nb2 $15) 16. Qb3 O-O 17. Rfc1 Rb8 18. Qd1 Ba3 19. Rc3 Bb2 $1 {[%cal Rb2a1]} 20. Rac1 (20. Nxb2 $142 Qxc3 21. Nd3) 20... Bxc1 {Black is clearly winning.} 21. Rxc1 Rb4 22. Nc3 Bxf3 23. exf3 Rxc4 24. Ne2 Rxc1 25. Nxc1 Rc8 26. f4 Qa3 0-1

[Event "FRA-ch Youth 2017"]
[Site "Belfort"]
[Date "2017.04.17"]
[Round "3"]
[White "Attard, Leopold"]
[Black "Travadon, Loic"]
[Result "0-1"]
[WhiteElo "2090"]
[BlackElo "2348"]
[Annotator "TA"]
[PlyCount "82"]
[EventDate "2017.??.??"]
[EventCountry "FRA"]
[SourceTitle "playchess.com"]
[Source "ChessBase"]
[SourceQuality "1"]

{[%evp 18,82,-24,-31,-21,-68,-14,-22,-22,-25,-18,-18,-18,-14,0,0,0,-32,0,0,0,0,0,0,11,6,10,-14,0,-30,-27,-35,-31,-87,-79,-81,-70,-123,-116,-110,-89,-101,-100,-164,-154,-168,-168,-179,-154,-180,-170,-155,-150,-229,-226,-233,-232,-386,-386,-414,-417,-29987,-29988,-29988,-29989,-29988,-29989]} 1. d4 Nf6 2. Nf3 e6 3. c4 Bb4+ 4. Bd2 Qe7 5. g3 Bxd2+ 6. Nbxd2 {E11: Bogo-Indian} (6. Qxd2 Nc6 7. b3 d5 8. Bg2 Ne4 9. Qb2 Qb4+ 10. Nfd2 Nxd2 11. Nxd2 dxc4 12. Rc1 O-O 13. Rxc4 Qb6 14. O-O {1-0 (66) Vidit,S (2670)-Safarli,E (2680) Dubai 2017}) 6... d6 7. e4 e5 8. d5 O-O 9. b4 a5 10. a3 {LiveBook: 5 Games} Na6 11. Rb1 c6 $146 (11... axb4 $15 12. axb4 c5 13. dxc6 bxc6) 12. Bg2 $1 $11 cxd5 13. cxd5 (13. exd5 e4 14. Nd4 e3 $17) 13... Bd7 14. O-O (14. bxa5 Nc5 15. O-O Rxa5 $17) 14... axb4 15. axb4 Rfc8 16. Qb3 Qd8 17. Rfe1 Qb6 18. Nc4 Qc7 $1 {[%cal Rc7c4]} 19. Nfd2 b5 20. Ne3 Ng4 21. Nxg4 Bxg4 22. f4 f6 {[%cal Bf7f6,Bf6e5,Be5d4][%mdl 32]} 23. Nf1 Bd7 24. Ne3 Qb6 25. fxe5 (25. Kh1 $15) 25... fxe5 $17 ({Reject} 25... dxe5 $6 26. Kh1 $11) 26. Kh1 Qd4 {Hoping for ...Rc3.} 27. Red1 ({Better is} 27. Nc2 $15 Qd2 28. Ne3) 27... Rc3 28. Rxd4 Rxb3 29. Rxb3 exd4 30. Nd1 (30. Nf1 $17) 30... Rc8 $1 $19 31. Bf1 Rc1 $36 {[%mdl 2048] Black is on the roll.} 32. Be2 Rc2 $1 {[%cal Rc2e2]} 33. Bd3 Rd2 34. Nb2 {[#]} Nc7 $1 35. Bf1 {[#]} (35. Kg1 $17) 35... Ne8 $1 36. Nd3 Nf6 37. e5 $2 (37. Kg1 Nxe4 38. Ra3) 37... Nxd5 {Strongly threatening ...Ne3.} 38. exd6 Ne3 {( -> ...Bc6+)} 39. Nc5 (39. Ne5 $19 Rd1 40. h3) 39... Rd1 {[%cal Rd1f1] Black mates.} ({Inferior is} 39... Nxf1 40. Nxd7 Rd1 41. Kg2 Ne3+ 42. Kf3 $11) 40. Rxe3 dxe3 41. Kg2 Bc6+ 0-1

[Event "FRA-ch Youth 2017"]
[Site "Belfort"]
[Date "2017.04.17"]
[Round "3"]
[White "Dillenschneider, Ernesto"]
[Black "Lamard, Guillaume"]
[Result "0-1"]
[WhiteElo "2037"]
[BlackElo "2307"]
[Annotator "TA"]
[PlyCount "60"]
[EventDate "2017.??.??"]
[EventCountry "FRA"]
[SourceTitle "playchess.com"]
[Source "ChessBase"]
[SourceQuality "1"]

{[%evp 16,60,50,46,33,36,75,59,64,52,48,47,55,40,61,40,28,15,16,-50,5,0,34,-12,39,0,0,-12,0,0,0,-91,-82,-286,-279,-270,-265,-266,-231,-409,-395,-404,-401,-454,-439,-675,-299]} 1. d4 d6 2. c4 e5 3. Nf3 exd4 4. Nxd4 g6 5. g3 Bg7 6. Bg2 Ne7 7. Nc3 O-O 8. Bg5 {A21: English Opening: 1...e5 2 Nc3} (8. O-O Nbc6 9. Nxc6 bxc6 10. Qc2 Rb8 11. b3 c5 12. Bb2 Bf5 13. Qd2 Qd7 14. Rad1 Bh3 15. Bxh3 Qxh3 16. Ne4 Qe6 17. Bxg7 Kxg7 18. Nc3 h5 {½-½ (69) Khismatullin,D (2658)-Guseinov,G (2631) Khanty-Mansiysk 2013}) 8... h6 9. Be3 {LiveBook: 6 Games} a6 10. Qd2 {White is slightly better.} Kh7 11. Rd1 $146 (11. O-O Nbc6 12. Rfd1 Be6 13. Nxc6 Nxc6 14. c5 {1-0 (14) Lange,S-Kaufmann,M CServe email 1997}) 11... Nd7 12. h3 Rb8 13. b3 Nf6 14. g4 Bd7 15. a4 Nc6 16. Nd5 Re8 17. O-O (17. Nc2 $11) 17... Ne4 (17... Nxd5 $15 18. Bxd5 Qh4) 18. Qc2 Ng5 19. Nf4 Ne5 ({Better is} 19... Be5 $11) 20. Bc1 (20. c5 $14) 20... c5 $11 21. Nf3 Ngxf3+ 22. exf3 Bc6 $36 {[%mdl 2048] Black is more active.} 23. Nh5 {[#]} (23. Nd5 $11 {keeps the balance.}) 23... Bh8 $1 $17 24. Qd2 $2 (24. Rde1 $17) 24... gxh5 $19 25. Qxh6+ Kg8 26. Rxd6 Qe7 {Hoping for ...Bg7.} 27. Bb2 $2 {[#]} (27. Bg5 Qf8 28. Qxf8+ Rxf8 29. Kh1) 27... Bg7 (27... Nxf3+ 28. Bxf3 Bxb2 29. Bd5 $19) 28. Qd2 Rbd8 ({Don't take} 28... Bxf3 29. Bxe5 Bxe5 30. Rd7 $19) ({Weaker is} 28... Nxf3+ 29. Bxf3 Bxb2 30. Rxc6 bxc6 31. Qxb2 $17) 29. Rxd8 Rxd8 ({Less strong is} 29... Qxd8 30. Qxd8 Rxd8 31. Bxe5 Bxe5 32. f4 Bxg2 33. Kxg2 Bxf4 34. gxh5 $19) 30. Qe3 (30. Qe1 $142) 30... Nxf3+ (30... Rd3 $142 31. Qe1 Rxb3 32. Bxe5 Bxe5) 0-1

[Event "FRA-ch Youth 2017"]
[Site "Belfort"]
[Date "2017.04.17"]
[Round "3"]
[White "Lomandong Noela-Joyce"]
[Black "Lapeyre, Maeva"]
[Result "1-0"]
[WhiteElo "1987"]
[BlackElo "1604"]
[Annotator "NA"]
[PlyCount "53"]
[EventDate "2017.??.??"]
[EventCountry "FRA"]
[SourceTitle "playchess.com"]
[Source "ChessBase"]
[SourceQuality "1"]
[TimeControl "5400+30"]

1. Nf3 {[%emt 0:00:00]} d5 {[%emt 0:00:15]} 2. g3 {[%emt 0:00:00]} Nf6 {[%emt 0:00:31]} 3. Bg2 {[%emt 0:00:00]} e6 {[%emt 0:01:08]} 4. c4 {[%emt 0:00:56]} Be7 {[%emt 0:05:45]} 5. d4 {[%emt 0:01:45]} O-O {[%emt 0:01:32]} 6. Nc3 {[%emt 0:00:56]} Nbd7 {[%emt 0:08:19]} 7. O-O {[%emt 0:05:04]} dxc4 {[%emt 0:04:21] LiveBook: 122 Games} 8. e4 {[%emt 0:02:52]} b6 {[%emt 0:04:31] E07: Closed Catalan: Main Line (5 Nf3 0-0 6 0-0 Nbd7)} (8... b5 9. e5 Nd5 10. Nxb5 Bb7 11. h4 N7b6 12. Ng5 Qd7 13. Na3 Bxg5 14. Bxg5 Rac8 15. Rc1 c5 16. Re1 {½-½ (57) Bruzon Batista,L (2681)-Kryvoruchko,Y (2682) Varadero 2016}) 9. Qe2 {[%emt 0:01:15]} Bb7 {[%emt 0:02:02]} 10. Re1 $146 {[%emt 0:01:24]} (10. Rd1 a6 11. d5 Nxe4 12. dxe6 Nxc3 13. bxc3 fxe6 14. Qxe6+ Kh8 15. Rxd7 {1-0 (15) Inkiov,V (2450)-Raftopoulos,K Chania 1992}) 10... c5 {[%emt 0:04:55]} 11. d5 {[%emt 0:09:55]} exd5 {[%emt 0:03:59]} 12. exd5 {[%emt 0:01:02]} Re8 {[%emt 0:07:07]} 13. Qxc4 {[%emt 0:01:17]} Qc7 {[%emt 0:02:24]} 14. Bf4 {[%emt 0:04:01]} Qc8 {[%emt 0:04:26]} 15. d6 {[%emt 0:03:41]} Bf8 {[%emt 0:01:27]} 16. Ng5 {[%emt 0:02:33]} Bxg2 {[%emt 0:04:57]} 17. Nxf7 {[%emt 0:09:38]} Rxe1+ {[%emt 0:09:44]} 18. Rxe1 {[%emt 0:00:06]} g6 {[%emt 0:17:36]} 19. Kxg2 {[%emt 0:00:40]} Qb8 {[%emt 0:03:47]} 20. Ne4 {[%emt 0:04:15]} Kg7 {[%emt 0:02:40]} 21. Bh6+ $18 {[%emt 0:03:55]} Kg8 {[%emt 0:00:10]} 22. Nfg5+ {[%emt 0:08:00]} Kh8 {[%emt 0:00:27]} 23. Nf7+ {[%emt 0:07:24]} Kg8 {[%emt 0:00:18]} 24. Bg5 {[%emt 0:00:11]} b5 {[%emt 0:03:06]} 25. Qe6 {[%emt 0:01:58]} Bg7 {[%emt 0:01:45]} 26. Nxf6+ {[%emt 0:02:58]} Nxf6 {[%emt 0:01:16]} 27. Nh6+ {[%emt 0:01:01]} 1-0

[Event "FRA-ch Youth 2017"]
[Site "Belfort"]
[Date "2017.04.17"]
[Round "3"]
[White "Tahay, Romain"]
[Black "Viel, Simon"]
[Result "0-1"]
[WhiteElo "1971"]
[BlackElo "2220"]
[Annotator "NA"]
[PlyCount "74"]
[EventDate "2017.??.??"]
[EventCountry "FRA"]
[SourceTitle "playchess.com"]
[Source "ChessBase"]
[SourceQuality "1"]
[TimeControl "5400+30"]

1. d4 {[%emt 0:03:01]} Nf6 {[%emt 0:00:03]} 2. c4 {[%emt 0:00:07]} c5 {[%emt 0:00:02]} 3. d5 {[%emt 0:00:22]} b5 {[%emt 0:00:03]} 4. Nf3 {[%emt 0:00:09]} Bb7 {[%emt 0:00:16]} 5. Qc2 {[%emt 0:02:04]} bxc4 {[%emt 0:03:34]} 6. e4 {[%emt 0:00:20]} e6 {[%emt 0:00:08] A57: Benko/Volga Gambit} 7. Bxc4 {[%emt 0:00:47]} exd5 {[%emt 0:04:25]} 8. exd5 {[%emt 0:00:26]} Be7 {[%emt 0:01:44]} (8... Bxd5 9. Bxd5 Nxd5 10. O-O Be7 11. Re1 Nc6 12. Qxc5 Nf6 13. Qf5 O-O 14. Nc3 {0-1 (40) Tkachiev,V (2636)-Ivanchuk,V (2764) Warsaw 2010}) 9. O-O {[%emt 0:13:17]} O-O {[%emt 0:00:46]} 10. Re1 {[%emt 0:05:52]} d6 {[%emt 0:04:05]} 11. Qb3 {[%emt 0:19:03]} Qd7 $146 {[%emt 0:02:51]} (11... Ba6 12. Nc3 Bxc4 13. Qxc4 {½-½ (48) Hoffmann,M (2517)-Guidarelli,L (2433) Vlissingen 2010}) 12. Qd3 {[%emt 0:04:53]} a5 {[%emt 0:08:56]} 13. Bd2 {[%emt 0:06:57]} Bd8 {[%emt 0:06:54]} 14. Bf4 {[%emt 0:07:42]} Na6 {[%emt 0:09:06]} 15. a3 {[%emt 0:02:03]} Nh5 {[%emt 0:04:54]} 16. Ng5 {[%emt 0:07:22]} g6 $1 {[%emt 0:02:10]} 17. Bd2 {[%emt 0:01:02]} Bf6 {[%emt 0:01:46]} 18. Nc3 {[%emt 0:05:22]} Nc7 {[%emt 0:01:36]} 19. Qf3 {[%emt 0:10:08]} Bg7 {[%emt 0:07:42]} 20. Rad1 {[%emt 0:01:25]} Ba6 {[%emt 0:03:27]} 21. Bxa6 {[%emt 0:04:04]} Rxa6 {[%emt 0:00:42]} 22. g4 {[%emt 0:01:26]} ({White should try} 22. Nge4 $11) 22... Nf6 {[%emt 0:00:49]} 23. h3 {[%emt 0:01:33]} Rb6 {[%emt 0:01:24]} 24. Bc1 {[%emt 0:01:43]} Rb3 {[%emt 0:07:34]} 25. Qe2 {[%emt 0:00:44]} Re8 {[%emt 0:04:49]} 26. Qc4 {[%emt 0:00:25]} Rbb8 {[%emt 0:00:40]} 27. Nge4 {[%emt 0:00:34]} Nxe4 {[%emt 0:07:00]} 28. Nxe4 {[%emt 0:00:07]} Nb5 {[%emt 0:00:49]} 29. Qa4 {[%emt 0:00:57]} f5 {[%emt 0:05:10]} 30. Nd2 {[%emt 0:00:32]} fxg4 {[%emt 0:01:24]} 31. Qxg4 {[%emt 0:00:27]} Qf7 {[%emt 0:01:09]} 32. Ne4 {[%emt 0:00:25]} Rf8 {[%emt 0:02:30]} 33. Be3 {[%emt 0:00:39]} Nd4 {[%emt 0:01:06]} 34. Bxd4 {[%emt 0:00:31]} Bxd4 {[%emt 0:00:12]} 35. Rd2 {[%emt 0:00:28]} Qxd5 {[%emt 0:01:03]} 36. Red1 {[%emt 0:00:30]} Rbe8 {[%emt 0:01:15]} 37. Ng5 {[%emt 0:00:28]} h6 $19 {[%emt 0:01:17]} 0-1

[Event "FRA-ch Youth 2017"]
[Site "Belfort"]
[Date "2017.04.17"]
[Round "3"]
[White "Baroyan, Davit"]
[Black "Bergougnoux, Axel"]
[Result "0-1"]
[WhiteElo "1964"]
[BlackElo "2194"]
[Annotator "NA"]
[PlyCount "56"]
[EventDate "2017.??.??"]
[EventCountry "FRA"]
[SourceTitle "playchess.com"]
[Source "ChessBase"]
[SourceQuality "1"]
[TimeControl "5400+30"]

1. d4 {[%emt 0:00:00]} Nf6 {[%emt 0:00:01]} 2. c4 {[%emt 0:00:03]} g6 {[%emt 0:00:03]} 3. f3 {[%emt 0:00:11]} d5 {[%emt 0:00:33]} 4. cxd5 {[%emt 0:00:06]} Nxd5 {[%emt 0:00:01]} 5. e4 {[%emt 0:00:34]} Nb6 {[%emt 0:00:03]} 6. Nc3 {[%emt 0:02:15]} Bg7 {[%emt 0:00:42]} 7. Be3 {[%emt 0:00:05]} O-O {[%emt 0:00:07]} 8. Qd2 {[%emt 0:01:07]} f5 {[%emt 0:02:07] D70: Grünfeld: Unusual White 3rd moves (met by ...d5)} (8... Nc6 9. O-O-O Qd6 10. Nb5 Qd7 11. Kb1 Rd8 12. d5 a6 13. Nc3 Qe8 14. Qc1 Na5 15. Bf4 Rd7 16. Bh6 Bxh6 17. Qxh6 {½-½ (31) Nakamura,H (2787)-So,W (2794) Douglas 2016}) 9. e5 {[%emt 0:02:14]} Nc6 {[%emt 0:02:46]} 10. O-O-O {[%emt 0:13:23]} Nb4 {[%emt 0:08:31] LiveBook: 86 Games} 11. h4 {[%emt 0:18:41]} h5 {[%emt 0:13:10]} 12. Nh3 $146 {[%emt 0:11:32]} (12. Bh6 Be6 13. Qg5 Qe8 14. Nh3 N6d5 15. Bc4 Qf7 16. Bxd5 Nxd5 17. Nxd5 Bxd5 {½-½ (30) Winkelmann,E (2075)-Wilson,A (2056) Dresden 2007}) 12... Qe8 {[%emt 0:07:46]} 13. a3 {[%emt 0:09:16]} Nc6 {[%emt 0:04:50]} (13... N4d5 $16) 14. Nb5 {[%emt 0:15:26]} Qd8 {[%emt 0:07:38]} 15. Nf4 {[%emt 0:02:05]} Kh7 {[%emt 0:02:29]} 16. g4 {[%emt 0:04:39]} fxg4 {[%emt 0:03:39]} 17. Bd3 {[%emt 0:02:03]} Rxf4 {[%emt 0:22:11]} 18. Bxf4 {[%emt 0:00:14]} gxf3 {[%emt 0:00:29]} 19. Qc2 {[%emt 0:10:45]} Bg4 {[%emt 0:03:49]} 20. Bxg6+ {[%emt 0:00:45]} Kh8 {[%emt 0:00:04]} 21. Kb1 {[%emt 0:05:31]} a6 {[%emt 0:01:00]} 22. Nc3 {[%emt 0:01:29]} Nxd4 {[%emt 0:00:53]} 23. Qe4 {[%emt 0:00:06]} c5 $17 {[%emt 0:00:37]} 24. Bg5 {[%emt 0:01:00]} Nc4 {[%emt 0:02:36]} 25. Nd5 {[%emt 0:00:28]} Qa5 {[%emt 0:04:16]} 26. Rd3 {[%emt 0:00:43]} Qb5 {[%emt 0:00:55]} 27. Rh2 {[%emt 0:00:31]} Ne2 {[%emt 0:01:42]} 28. Nc3 {[%emt 0:00:29]} Qxb2# {[%emt 0:00:04]} 0-1

[Event "FRA-ch Youth 2017"]
[Site "Belfort"]
[Date "2017.04.17"]
[Round "3"]
[White "Motoyama, Enzo-Ryadh"]
[Black "Zachary, Matheo"]
[Result "1/2-1/2"]
[WhiteElo "1949"]
[BlackElo "2267"]
[Annotator "TA"]
[PlyCount "87"]
[EventDate "2017.??.??"]
[EventCountry "FRA"]
[SourceTitle "playchess.com"]
[Source "ChessBase"]
[SourceQuality "1"]

{[%evp 28,87,67,57,71,66,57,52,43,34,43,25,96,89,95,107,104,113,150,114,110,114,172,137,216,190,212,160,159,160,141,60,64,60,60,61,61,63,64,63,63,63,67,62,62,62,62,62,108,85,85,85,100,85,108,68,85,61,61,43,43,43]} 1. e4 c5 2. Nf3 {[%cal Bg1f3,Bf3d4,Bd4b5,Bb5a3,Ba3c2,Bc2e3][%mdl 32]} Nc6 3. d4 cxd4 4. Nxd4 e5 5. Nb5 d6 6. c4 Be7 7. N1c3 a6 8. Na3 f5 9. exf5 Bxf5 10. Bd3 Be6 11. O-O Nf6 12. Nc2 {B32: Sicilian: Löwenthal and Kalashnikov Variations} O-O (12... Qd7 13. Bg5 O-O 14. b3 Bd8 15. Rb1 Bb6 16. Be3 Bc7 17. Qd2 h6 18. f3 Rad8 19. Be4 Ba5 {½-½ (52) Andreikin,D (2736)-Roganovic,M (2478) Novi Sad 2016}) 13. b3 Rc8 14. Bb2 {[%cal Bc1b2,Bb2c3,Bc3a5][%mdl 32]} Kh8 15. Ne3 {LiveBook: 3 Games} b5 16. Ncd5 bxc4 $146 (16... Nd4 17. Nxf6 Rxf6 18. cxb5 axb5 19. Bxd4 exd4 {0-1 (35) Marinkovic,S (2439)-Tadic,B (2451) Petrovac 2004}) 17. bxc4 Nb8 18. Qd2 Nbd7 19. Bc3 Nxd5 (19... Bxd5 $11 {keeps the balance.} 20. Ba5 (20. cxd5 Nc5 21. Ba5 Qe8 $11) (20. Nxd5 Nxd5 21. cxd5 Bg5 $11) 20... Qe8 21. cxd5 Nc5) 20. cxd5 $16 Bf7 21. Ba5 $36 {[%mdl 2048] Keeping Black busy.} Qe8 22. Bxa6 {[%cal Bd3a6,Ba6b7,Bb7c6][%mdl 32]} Ra8 23. Bb7 Ra7 24. Bc6 Bg5 (24... Bh5 $16 {was worth a try.}) 25. Bb4 Qe7 (25... Qb8 $16 {is a better defense.}) 26. Qe2 Nc5 27. Nf5 Qf6 {[#]} 28. Nxd6 $1 {[%mdl 512]} Qxd6 {[#]} 29. Qc2 (29. h4 $1 $16 {[%cal Rh4g5][%mdl 512]} Bxd5 (29... Bxh4 30. Rac1) 30. Bxd5 Bxh4 31. Rad1) 29... Be7 $14 30. Rfc1 {[%cal Rb4c5]} Bxd5 31. Qxc5 Qxc5 32. Bxc5 Bxc5 33. Rxc5 Rxa2 34. Rxa2 Bxa2 35. Rxe5 {[%mdl 4096] Endgame KRB-KRB} Rc8 36. Re8+ Rxe8 37. Bxe8 {KB-KB} Kg8 38. f4 Kf8 39. Bc6 Ke7 40. Be4 h6 41. Kf2 Kf6 42. g3 g5 43. fxg5+ hxg5 44. Bd3 1/2-1/2